01390nam a2200265Ia 4500003000400000005001700004008004100021020001800062040000700080041000800087082001700095100003500112245005700147260004700204300001200251365001300263906006700276942001200343999001900355952016200374952015000536952015000686952013800836952015000974OSt20230607145432.0210423s2013 xx 000 0 und d a9789350974988 cAL aeng a658 MISS223 aMISRA (S K);PURI (V K).991063 aEconomic environment of business: with case studies. aNew DelhibHimalaya Publishing Housec2013 a716bPB b475cINR abusiness: ; case ; Economic ; environment ; studies ; studies. 2ddccBK c161548d161548 001040708MCOMaSACPGbSACPGd2013-09-20eHigginbothams Pvt Ltdg475.00l6o658 MISSpPG008040q2025-11-18r2025-07-21 09:45:25s2025-07-21w2021-04-26yBK 001040708MCOMaSACPGbSACPGd2013-09-20eHigginbothams Pvt Ltdg475.00l6o658 MISSpPG008041r2023-11-29 00:00:00s2023-11-13w2021-04-26yBK 001040708MCOMaSACPGbSACPGd2013-09-20eHigginbothams Pvt Ltdg475.00l4o658 MISSpPG008042r2023-11-29 00:00:00s2023-11-08w2021-04-26yBK 001040708MCOMaSACPGbSACPGd2013-09-20eHigginbothams Pvt Ltdg475.00l0o658 MISSpPG008043r2021-04-26 00:00:00w2021-04-26yBK 001040708MCOMaSACPGbSACPGd2013-09-20eHigginbothams Pvt Ltdg475.00l2o658 MISSpPG008044r2024-12-09 00:00:00s2024-07-20w2021-04-26yBK